Στατιστική ανάλυση ria καμπυλών με την χρήση στατιστικού πακέτου minitab : πτυχιακή εργασία

Στις μέρες μας υπάρχει μια καθολική αποδοχή της χρήσης της στατιστικής στην ιατρική και αναγνωρίζεται η καθοριστική συμβολή της στην πρόοδο της. Χρησιμοποιείται πλέον ευρέως στην Ιατρική έρευνα, καθώς η σύγχρονη Ιατρική αξιολογεί νέες απόψεις και θεραπείες μέσω της παρατήρησης και του πειράματος. Πα...

Full description

Saved in:
Bibliographic Details
Main Author: Σούλα, Κατερίνα
Corporate Author: Πανεπιστήμιο Αιγαίου. Σχολή Θετικών Επιστημών. Τμήμα Στατιστικής και Αναλογιστικών-Χρηματοοικονομικών Μαθηματικών
Format: Thesis Book
Language:Greek
Published: 2017.
Subjects:
Online Access:http://hdl.handle.net/11610/19642
Tags: Add Tag
No Tags, Be the first to tag this record!

MARC

LEADER 00000cam a2200000 a 4500
001 1/115400
008 171025s2017####gr | ||| |||| ||gre||
040 |a GR-MyUa  |b gre  |c GR-MyUa  |e AACR2 
041 0 |a gre 
082 7 |a 610.21   |2 (23)  
100 1 |a Σούλα, Κατερίνα. 
245 1 0 |a Στατιστική ανάλυση ria καμπυλών με την χρήση στατιστικού πακέτου minitab :   |b πτυχιακή εργασία /   |c Κατερίνα Σούλα ; επιβλέπων καθηγητής Τζων Τσιμήκας.  
260 |c 2017.  
300 |a [103 σ.] :   |b διάγρ., πιν. ;   |c 30 εκ.  
500 |a Μέλη της εξεταστικής επιτροπής: Τζων Τσιμήκας, Αλέξανδρος Καραγρηγορίου, Αθανάσιος Ρακιτζής.  
502 |a Πτυχιακή εργασία - Πανεπιστήμιο Αιγαίου, Σάμος, 2017.  
504 |a Περιέχει βιβλιογραφικές αναφορές.  
506 1 |a Διάθεση πλήρους κειμένου ;   |d Ενδοπανεπιστημιακή δημοσίευση.  
520 8 |a Στις μέρες μας υπάρχει μια καθολική αποδοχή της χρήσης της στατιστικής στην ιατρική και αναγνωρίζεται η καθοριστική συμβολή της στην πρόοδο της. Χρησιμοποιείται πλέον ευρέως στην Ιατρική έρευνα, καθώς η σύγχρονη Ιατρική αξιολογεί νέες απόψεις και θεραπείες μέσω της παρατήρησης και του πειράματος. Παίζει καθοριστικό ρόλο στην ανάπτυξη και σύγκριση νέων θεραπευτικών αγωγών, στην αξιολόγηση των πιθανών κινδύνων και πλεονεκτημάτων μιας θεραπείας και στην επιλογή της βέλτιστης. Επίσης, συμβάλλει στην διερεύνηση των αιτιών που προκαλούν μια ασθένεια και στην εύρεση παραγόντων που επηρεάζουν την έκβαση του ασθενούς. Στην εργασία αυτή θα εφαρμόσουμε στατιστικές μεθόδους σε ιατρικά δεδομένα. Συγκεκριμένα συλλέξαμε δεδομένα από τα εργαστήρια του νοσοκομείου ΑΧΕΠΑ της Θεσσαλονίκης τα οποία αφορούν τις εξετάσεις ασθενών στις ορμόνες του θυρεοειδή αδένα (TSH,FT3,FT4). Έπειτα από την ταξινόμηση των δοθέντων δεδομένων εστιάσαμε στις κατανομές των δεδομένων. Παράλληλα θα παρουσιάσουμε τις στατιστικές μεθόδους που χρησιμοποιήσαμε για να δημιουργήσουμε τις καμπύλες RIA,IRMA οι οποίες είναι καθοριστικές στο να καταλήξουμε στις τιμές των ορμονών. Τέλος θα εξετάσουμε την αξιοπιστία των εξετάσεων που μας δόθηκαν με την χρήση μοντέλων παλινδρόμησης. 
540 |a Κλειδωμένη η δυνατότητα αντιγραφής (copy) του κειμένου.  
630 0 0 |a Minitab. 
650 0 |a Medical statistics. 
650 0 |a Regression analysis. 
650 0 |a Dissertations, Academic  |z Greece. 
700 1 |a Τσιμήκας, Ιωάννης,  |e dgs 
710 2 |a Πανεπιστήμιο Αιγαίου.   |b Σχολή Θετικών Επιστημών.   |b Τμήμα Στατιστικής και Αναλογιστικών-Χρηματοοικονομικών Μαθηματικών. 
852 |a INST  |b SAMOS  |c DIATR  |e 20171025  |h 610.21 ΣΟΥ  |p 005300044948  |q 005300044948  |t DIE  |y 23 
856 |u http://hdl.handle.net/11610/19642 
924 |a Σούλα  |b Κατερίνα  |y Σάμος  |z 2017-03 
970 |a Κοσιέρης  |b Χρήστος  |z 25-10-2017